Information technology: (Record no. 2200)

MARC details
000 -LEADER
fixed length control field 00553nam a22001937a 4500
003 - CONTROL NUMBER IDENTIFIER
control field OSt
005 - DATE AND TIME OF LATEST TRANSACTION
control field 20150828214512.0
008 - FIXED-LENGTH DATA ELEMENTS--GENERAL INFORMATION
fixed length control field 150828b xxu||||| |||| 00| 0 eng d
020 ## - INTERNATIONAL STANDARD BOOK NUMBER
International Standard Book Number 9780471652939
040 ## - CATALOGING SOURCE
Transcribing agency DDC
082 ## - DEWEY DECIMAL CLASSIFICATION NUMBER
Edition number 22nd ed.
Classification number 658 LUC 2005
100 ## - MAIN ENTRY--PERSONAL NAME
Personal name Lucas, Henry C.
9 (RLIN) 5621
245 ## - TITLE STATEMENT
Title Information technology:
Remainder of title strategic decision making for managers
300 ## - PHYSICAL DESCRIPTION
Extent xiv,446p;
Other physical details ill:
Dimensions 26.5cm
504 ## - BIBLIOGRAPHY, ETC. NOTE
Bibliography, etc References, & index included
650 ## - SUBJECT ADDED ENTRY--TOPICAL TERM
Topical term or geographic name as entry element Decision making
9 (RLIN) 2026
650 ## - SUBJECT ADDED ENTRY--TOPICAL TERM
Topical term or geographic name as entry element Information technology
9 (RLIN) 5622
942 ## - ADDED ENTRY ELEMENTS (KOHA)
Source of classification or shelving scheme Other/Generic Classification Scheme
Koha item type Open Shelf
Holdings
Withdrawn status Lost status Source of classification or shelving scheme Damaged status Not for loan Home library Current library Date acquired Source of acquisition Inventory number Total Checkouts Full call number Barcode Date last seen Koha item type
    Dewey Decimal Classification     MUST Main Library MUST Main Library 28/08/2015   14/37885   658 LUC 2005 2015-2155 28/08/2015 Open Shelf
    Dewey Decimal Classification     MUST Main Library MUST Main Library 15/09/2015   14/37884   658 LUC 2005 2015-2252 15/09/2015 Open Shelf